000 00955nam a2200241 i 4500
001 112327
003 ES-MaACL
005 20250604062629.0
007 t|
008 061121s1930 sp |||| | spa d
040 _cES-MaACL
080 _a94(460)"1902/31"
100 1 _aOrtega y Gasset, Eduardo,
_d1882-1964
_987502
_eaut
245 1 0 _aNuestros deberes ante la reconstrucción de la legalidad española :
_bmemoria leída en el Ateneo de Madrid, como secretario de la Sección de Ciencias Morales y Políticas, el 1 de junio de 1930 /
_cpor Eduardo Ortega y Gasset.
260 _aMadrid :
_bIndustrial Gráfica,
_c1930.
300 _a62 p. ;
_c17 cm.
610 2 4 _aAteneo de Madrid.
_bSección de Ciencias Morales y Políticas-
_vMemorias.
_91986
651 4 _aEspaña-
_xHistoria-
_y1902-1931, Alfonso XIII
_98276
852 _aES-MaACL
_j1747-F-5
_cDEPOF
942 _cFOLLETOS
_n0
999 _c112327
_d112327